Μελέτη ανάπτυξης αιολικού πάρκου στη Ρόδο : πτυχιακή εργασία
Αποθηκεύτηκε σε:
| Κύριος συγγραφέας: | |
|---|---|
| Συγγραφή απο Οργανισμό/Αρχή: | |
| Μορφή: | Thesis Βιβλίο |
| Γλώσσα: | Greek |
| Δημοσίευση: |
2014.
|
| Θέματα: | |
| Διαθέσιμο Online: | http://hdl.handle.net/11610/8470 |
| Ετικέτες: |
Προσθήκη ετικέτας
Δεν υπάρχουν, Καταχωρήστε ετικέτα πρώτοι!
|
MARC
| LEADER | 00000cam a2200000 a 4500 | ||
|---|---|---|---|
| 001 | 1/107941 | ||
| 008 | 150814s2014####gr | ||| |||| ||gre|| | ||
| 040 | |a GR-MyUa |b gre |c GR-MyUa |e AACR2 | ||
| 041 | 0 | |a gre | |
| 082 | 7 | |a 621.3121360949587 |2 (23) | |
| 100 | 1 | |a Ριζόπουλος, Μιχαήλ. | |
| 245 | 1 | 0 | |a Μελέτη ανάπτυξης αιολικού πάρκου στη Ρόδο : |b πτυχιακή εργασία / |c Ριζόπουλος, Μιχαήλ ; επιβλέπων καθηγητής Γκιάλας Ιωάννης. |
| 260 | |c 2014. | ||
| 300 | |a 87 σ. : |b διαγρ., εικ., πίν., χάρτες ; |c 30 εκ. | ||
| 502 | |a Πτυχιακή εργασία - Πανεπιστήμιο Αιγαίου, Χίος, 2014. | ||
| 504 | |a Περιλαμβάνει βιβλιογραφία. | ||
| 506 | 1 | |a Διάθεση πλήρους κειμένου ; |d Μόνο σε μέλη του Πανεπιστημίου. | |
| 540 | |a Κλειδωμένη δυνατότητα αντιγραφής. | ||
| 650 | 0 | |a Wind power plants |z Greece |z Rhodes (Island) | |
| 650 | 0 | |a Wind power |z Greece |z Rhodes (Island) | |
| 650 | 0 | |a Renewable energy sources. | |
| 650 | 0 | |a Renewable natural resources. | |
| 700 | 0 | |a Γκιάλας, Ιωάννης, |e dgs | |
| 710 | 2 | |a Πανεπιστήμιο Αιγαίου |b Σχολή Επιστημών της Διοίκησης |b Τμήμα Μηχανικών Οικονομίας και Διοίκησης. | |
| 852 | |a INST |b CHIOS |c DIATR |e 20150814 |h 621.3121360949587 ΡΙΖ |p 005200036162 |q 005200036162 |t DIE |y 23 | ||
| 852 | |a INST |b CHIOS |c DIATR |e 20150814 |h 621.3121360949587 ΡΙΖ |p 005200036163 |q 005200036163 |t DIE |y 23 | ||
| 856 | |u http://hdl.handle.net/11610/8470 | ||
| 924 | |a Ριζόπουλος |b Μιχαήλ |y Χίος |z 2014-04 | ||
| 970 | |a Παροικάκη |b Βασιλική |z 14-08-2015 | ||